Image en 3 dimensions (L') (Record n. 91036)

Dettagli MARC
000 -LEADER
fixed length control field 01457nam a2200289Ia 4500
001 - CONTROL NUMBER
control field B0783
003 - CONTROL NUMBER IDENTIFIER
control field IT-RoPAU
008 - FIXED-LENGTH DATA ELEMENTS--GENERAL INFORMATION
fixed length control field 130308s9999 xx 000 0 und d
040 ## - CATALOGING SOURCE
Original cataloging agency IT-RoPAU
040 ## - CATALOGING SOURCE
Transcribing agency IT-RoPAU
041 ## - LANGUAGE CODE
Language code of text/sound track or separate title FRANCESE
100 ## - MAIN ENTRY--PERSONAL NAME
Personal name Peretz Louis
100 ## - MAIN ENTRY--PERSONAL NAME
Miscellaneous information Codice Aut. SPICS: 37173
245 ## - TITLE STATEMENT
Title Image en 3 dimensions (L')
245 ## - TITLE STATEMENT
Remainder of title Image En 3 Dimensions (L')
250 ## - EDITION STATEMENT
Edition statement 1a ed.
260 ## - PUBLICATION, DISTRIBUTION, ETC. (IMPRINT)
Place of publication, distribution, etc. PARIS
260 ## - PUBLICATION, DISTRIBUTION, ETC. (IMPRINT)
Name of publisher, distributor, etc. CNRS
260 ## - PUBLICATION, DISTRIBUTION, ETC. (IMPRINT)
Date of publication, distribution, etc. 1990 [1° Ed.:1990 - Ed.Ling.Originale:1990]
300 ## - PHYSICAL DESCRIPTION
Extent "160 p. (prefazione: no ; testo: 160 [pagine: 0-0])"
500 ## - GENERAL NOTE
General note Immagine a tre Dimensioni. Percezione Tridimensionale. Visione Monoculare e Binoculare. Percezione dei Limiti e fenomeno di Costanza. immagine in Rilievo. Stereoscopio. proiezione in Rilievo. Altri Processi in Rilievo. teorie dell'Immagine in Rilievo: Mondo della Terza Dimensione, Illusione Ottica,Ricostruzione della Realtà, immagine Tridimensionale Simulata. Tecniche di Proiezione: Manipolazioni delle Vedute, Materiale di Proiezione, Condizioni di Proiezione. Tecniche D'Inquadratura. Spettacolo in Rilievo. Nuova Forma d'arte . Concezione del Diaporama a tre Dimensioni. Tecnica di Scrittura del Diaporama. Realizzazione del Diaporama. scelta del Materiale. prospettive dell'Immagine Tridimensionale. Bibliografia.
650 ## - SUBJECT ADDED ENTRY--TOPICAL TERM
Topical term or geographic name as entry element TEORIA/LINGUAGGI DI ICONOLOGIA
650 ## - SUBJECT ADDED ENTRY--TOPICAL TERM
Relator term Codice materia Spics: 5153
942 ## - ADDED ENTRY ELEMENTS (KOHA)
Koha item type LIBRO
957 ## -
-- 1
999 ## - SYSTEM CONTROL NUMBERS (KOHA)
-- 1
Dati di copia
Withdrawn status Lost status Damaged status Not for loan Home library Current library Date acquired Total Checkouts Full call number Date last seen Price effective from Koha item type Public note
    Buone Condizioni Not For Loan SPICS-MEDIATECA SPICS-MEDIATECA 08/03/2013   B0783 08/03/2013 08/03/2013 LIBRO Progressivo inserimento: 23304 / N. Volumi: 1 Copie: 1 / data import: 1 marzo 2013 - By Epidotti, Trombetti, Vaglietti.
CREDITS: SOCIETA' SAN PAOLO Via A.Severo, 58 - ROMA (RM) & PERIODICI SAN PAOLO SRL Via Giotto, 36 MILANO & CISF Via Giotto, 36 MILANO & EDIZIONI SAN PAOLO SRL,  Piazza Soncino, 5 CINISELLO BALSAMO (MI) -- ITALY